Aixa Requena (Record no. 2235)

MARC details
000 - LÍDER
campo de control de longitud fija 01059nam a2200205Ia 4500
008 - ELEMENTOS DE DATOS DE LONGITUD FIJA - INFORMACIÓN GENERAL
campo de control de longitud fija 0000001997 pr a 0000000000spa00
090 ## - NÚMERO DE LLAMADA DE TIPO LC LOCALMENTE ASIGNADO (OCLC)
Número de clasificación (OCLC) (R) PPR00 R15a
100 1# - ENTRADA PRINCIPAL - NOMBRE PERSONAL
Nombre de la persona Ramos Caro, Jorge
245 10 - TÍTULO DECLARACIÓN
Título Aixa Requena
Resto del título : texturas antillanas = textures antillaises
Declaración de responsabilidad / textos Jorge Ramos Caro, Carlos Anguita ; fotografías Carlos Martínez Palmer ; traducción Robert Villanua, Corinne Etienne
260 ## - PUBLICACIÓN, DISTRIBUCIÓN
Lugar de publicación [San Juan] : Universidad Interamericana de Puerto Rico
Fecha de publicación 1997
300 ## - DESCRIPCIÓN FÍSICA
Alcance 28 p.
Dimensiones / 28 cm.
500 ## - NOTA GENERAL
Nota general Exposición realizada en Salle des Pas Perdus, Paris, Febrero 19 Marzo 17, 1997 ; Museo de Arte Contemporáneo de Puerto Rico, San Juan, Abril 25 Junio 7, 1997 \ Texto en español y francés
600 00 - ENTRADA DE SUJETO AÑADIDO - NOMBRE PERSONAL
Nombre de la persona REQUENA, AIXA/
Subdivisión general TRABAJOS PICTORICOS
650 14 - ENTRADA DE SUJETO AÑADIDO - TÉRMINO TÓPICO
Término tópico o elemento de entrada del nombre geográfico ARTE CONTEMPORANEO PUERTORRIQUEÑO
650 14 - ENTRADA DE SUJETO AÑADIDO - TÉRMINO TÓPICO
Subdivisión general CATALOGOS
650 14 - ENTRADA DE SUJETO AÑADIDO - TÉRMINO TÓPICO
Subdivisión general EXPOSICIONES
650 14 - ENTRADA DE SUJETO AÑADIDO - TÉRMINO TÓPICO
Término tópico o elemento de entrada del nombre geográfico PINTORES PUERTORRIQUEÑOS
650 14 - ENTRADA DE SUJETO AÑADIDO - TÉRMINO TÓPICO
Término tópico o elemento de entrada del nombre geográfico PINTURA PUERTORRIQUEÑA
700 1# - ENTRADA AGREGADA - NOMBRE PERSONAL
Nombre de la persona Anguita, Carlos \ Martínez Palmer, Carlos \ Villanua, Robert, tr. \ Etienne, Corinne, tr.
Holdings
Estado de retirada Pérdida de estatus Estado dañado No para préstamo Código de recogida Ubicación permanente Ubicación actual Ubicación de las estanterías Fecha de adquisición Número de llamada completo Código de barras Fecha de la última vez que se vio Número de copia Precio efectivo desde Tipo de artículo Koha
        General ArtNexus ArtNexus General 06/09/2022 P-PR-00 R15A 2235 06/09/2022 Ej.1 06/09/2022 Libro

Powered by Koha